26 More Famous Duos by Picture Quiz Stats

 Plays Quiz Updated Nov 11, 2015

Support Sporcle.
Go Orange.
Score 0/26 Timer 08:00
1 Play Today
% Correct
Barbie and Ken
91.8%
Mickey and Minnie
91.6%
Holmes and Watson
90.5%
Tarzan and Jane
89.3%
Lady and the Tramp
88.8%
Mario and Luigi
87.3%
Sylvester and Tweety
85.5%
Coyote and Road Runner
79.7%
Romeo and Juliet
76%
Mary-Kate and Ashley
74.6%
Snoopy and Woodstock
68.6%
Butch Cassidy and the Sundance Kid
67.5%
Itchy and Scratchy
66.6%
% Correct
Mulder and Scully
62.8%
Dharma and Greg
54.8%
Phineas and Ferb
52.9%
Jay and Silent Bob
52.7%
Ike and Tina
52.4%
Kenan and Kel
43.6%
Martin and Lewis
42.4%
Patty and Selma
40.1%
Drake and Josh
39.5%
Captain & Tennille
33.8%
Stockton and Malone
31%
Milo and Otis
28.4%
Ryan and Colin
27.7%

From the Vault

Animated Movie Title Match-Up

by TheFlyingFinn

Movies 4m
Cloudy with a Chance of Matching
Remove Ads.
Support Sporcle.
Get the best of Sporcle when you Go Orange. This ad-free experience offers more features, more stats, and more fun while also helping to support Sporcle. Thank you for becoming a member.

Show Comments

Extras

Top Quizzes Today


Score Distribution

Your Account Isn't Verified!

In order to create a playlist on Sporcle, you need to verify the email address you used during registration. Go to your Sporcle Settings to finish the process.

Report this User

Report this user for behavior that violates our Community Guidelines.

Details: